| 000 | 02056nam a2200397 c 4500 | ||
|---|---|---|---|
| 003 | BLK | ||
| 005 | 20250225142202.0 | ||
| 008 | 180408b bul|||||r ||||||| ||bul|| | ||
| 010 | _aKNG00078996000 | ||
| 020 |
_a978-954-621-235-1 _bиздат.: Труд - на том(т. 5)(Знание) |
||
| 020 |
_a978-954-528-752-7 _bиздат.: Труд - на том(т. 5)(Труд) |
||
| 040 | _aBLK | ||
| 041 |
_aBUL _cBUL |
||
| 080 |
_aИстория на България _b94(497.2) _x _z94(497.2) |
||
| 080 |
_aВоенна история - Военни походи, битки, героични подвизи. Вж и 93/99 _b355.48 _x(497.2) _z355.48(497.2) |
||
| 700 |
_aВелев, Григор Петров _d1935-2020 _9375865 |
||
| 700 | 1 |
_aЗафиров, Димитър Иванов _eавт. на том _9371654 |
|
| 139 |
_aИстория на българите _bИ 95 |
||
| 245 | 1 | 0 |
_aИстория на българите _bВ 8 т. : Т. 1 - _cред. Григор Петров Велев; авт. на том Димитър Иванов Зафиров. _nТ. 5 _pВоенна история на българите от древността до наши дни |
| 257 | _aBGR | ||
| 260 |
_аСофия _bЗнание _c2003 - _fСофия : Д. Благоев |
||
| 300 | _c28 см | ||
| 380 | _a9 | ||
| 500 | _aИзд. на Науч. център за бълг. нац. стратегия | ||
| 650 | 0 |
_aБългария - история _9244493 |
|
| 650 | 4 |
_aБългария - военна история _9241785 |
|
| 653 | _aвоенна история | ||
| 653 | _aБългария | ||
| 760 | 1 |
_3- на том(т. 5)(Знание) _dТруд, 2007 _h739 с. : с ил., сн., к. _nСъдържа и за авт. _tТ. 5 Военна история на българите от древността до наши дни |
|
| 852 | _aЦб ІІ 11973 | ||
| 856 | 4 |
_qpdf _u |
|
| 856 | 4 |
_qpdf _u |
|
| 942 |
_cKNG _n0 _03 |
||
| 944 |
_aCR _c07.11.2007 _k30529 _lДиана Гривева |
||
| 944 |
_aED _c14.02.2014 _k |
||
| 999 |
_c74593 _d74593 |
||